<?xml version="1.0" encoding="UTF-8"?>
<record
    xmlns:xsi="http://www.w3.org/2001/XMLSchema-instance"
    xsi:schemaLocation="http://www.loc.gov/MARC21/slim http://www.loc.gov/standards/marcxml/schema/MARC21slim.xsd"
    xmlns="http://www.loc.gov/MARC21/slim">

  <leader>01015nam a22001337a 4500</leader>
  <controlfield tag="008">190327b        xxu||||| |||| 00| 0 eng d</controlfield>
  <datafield tag="082" ind1=" " ind2=" ">
    <subfield code="a">741.9</subfield>
    <subfield code="b">N124n</subfield>
  </datafield>
  <datafield tag="100" ind1=" " ind2=" ">
    <subfield code="a">Brigada de dibujantes </subfield>
    <subfield code="9">6971</subfield>
  </datafield>
  <datafield tag="245" ind1=" " ind2=" ">
    <subfield code="a">Nacido y Criado:</subfield>
    <subfield code="b">tentativas para entrar al barrio Cuba </subfield>
  </datafield>
  <datafield tag="260" ind1=" " ind2=" ">
    <subfield code="a">Guayaquil, Ecuador </subfield>
    <subfield code="b">UArte Ediciones </subfield>
    <subfield code="b">4ta Pared, Galer&#xED;a de Arte Contempor&#xE1;neo </subfield>
    <subfield code="c">2018</subfield>
  </datafield>
  <datafield tag="300" ind1=" " ind2=" ">
    <subfield code="a">352 p.</subfield>
    <subfield code="b">il. (col)</subfield>
    <subfield code="c">20 x 21 cm </subfield>
  </datafield>
  <datafield tag="505" ind1=" " ind2=" ">
    <subfield code="t">Agradecimientos </subfield>
    <subfield code="t">Introducci&#xF3;n </subfield>
    <subfield code="t">Andar, conversar, dibujo. Brigada de dibujantes: la experiencia colectiva de dar im&#xE1;genes a un mundo</subfield>
    <subfield code="r">Lupe Alvarez Pomares </subfield>
    <subfield code="t">DERIVAS CON ESTUDIANTES/ CONTACTO UNO </subfield>
    <subfield code="t">Estrategias de di&#xE1;logo  </subfield>
    <subfield code="t">Diario de campo - bit&#xE1;coras </subfield>
    <subfield code="t">NO UNO, SINO TRES BARRIOS / INTERPRETANDO LOS LIMITES </subfield>
    <subfield code="t">EL REGRESO CON OTROS NOMBRES / CONTACTO DOS </subfield>
    <subfield code="t">Cr&#xF3;nica del Barrio Cuba</subfield>
    <subfield code="r">Francisco Santana </subfield>
    <subfield code="t">Mapa del barrio</subfield>
    <subfield code="r">don Segundo T&#xE1;bara </subfield>
    <subfield code="t">DOCUMENTOS </subfield>
    <subfield code="t">Remembranzas del Barrio Cuba</subfield>
    <subfield code="r">Guillermo Mor&#xE1;n</subfield>
  </datafield>
  <datafield tag="650" ind1=" " ind2=" ">
    <subfield code="x">arte contempor&#xE1;neo </subfield>
    <subfield code="x">dibujo</subfield>
    <subfield code="x">arte - mural </subfield>
    <subfield code="x">Barrio Cuba</subfield>
    <subfield code="x">Ecuador </subfield>
    <subfield code="9">6972</subfield>
  </datafield>
  <datafield tag="999" ind1=" " ind2=" ">
    <subfield code="c">1754</subfield>
    <subfield code="d">1754</subfield>
  </datafield>
  <datafield tag="952" ind1=" " ind2=" ">
    <subfield code="0">0</subfield>
    <subfield code="1">0</subfield>
    <subfield code="2">ddc</subfield>
    <subfield code="4">0</subfield>
    <subfield code="7">0</subfield>
    <subfield code="a">LV</subfield>
    <subfield code="b">LV</subfield>
    <subfield code="c">Pensamiento</subfield>
    <subfield code="d">2019-03-27</subfield>
    <subfield code="l">0</subfield>
    <subfield code="o">741.9 N124n</subfield>
    <subfield code="p">004764</subfield>
    <subfield code="r">2019-03-27 00:00:00</subfield>
    <subfield code="w">2019-03-27</subfield>
    <subfield code="y">01</subfield>
  </datafield>
</record>
